000 00655nam a2200181 a 4500
008 120416s1987 ||||||||||||||||| || u
020 _a0521368391
050 _aHC 800 Dro
100 _aGlantz, Michael H
245 1 0 _aDrought and hunger in Africa
_cedited by Michael H. Glantz
246 _adenying famine a future
260 _aCambridge
_bCambridge University Press
_c1987
300 _axx, 457p. : ill
350 _a0.00
650 _aFAMINES--DESTITUTION--AFRICA
650 0 _aECONOMICS
995 _D0.00
_FCBU-MAIN LIBRARY (Kitwe)
_H1
_I20.00
_M1
_UAVAILABLE
_ZAnnex Low-Usage Collection
999 _c40506
_d40506